Normal view
MARC view
Entry Personal Name
001 - CONTROL NUMBER
- control field: 34115
003 - CONTROL NUMBER IDENTIFIER
- control field: ARRUPE
005 - DATE AND TIME OF LATEST TRANSACTION
- control field: 20170801095713.0
008 - FIXED-LENGTH DATA ELEMENTS
- fixed length control field: 170801|| aca||aabn | a|a d
040 ## - CATALOGING SOURCE
- Original cataloging agency: ARRUPE
- Transcribing agency: ARRUPE
100 ## - HEADING--PERSONAL NAME
- Personal name: Wittgenstein, Ludwig,
- Dates associated with a name: 1889-1951.
670 ## - SOURCE DATA FOUND
- Source citation: Work cat.: (ARRUPE)61089: Vander Veer, Garrett L., 1934- 34114, Philosophical skepticism and ordinary-language analysis /, c1978.